000 00924nam a2200253Ia 4500
003 OSt
005 20221005112433.0
006 a|||||r|||| 00| 0
007 ta
008 221004b |||||||| |||| 00| 0 pan d
020 _a9789352047277 (hbk)
_cINR 395.00
024 _a38600
037 _b1016, 30/01/2018, H.K. Prakashan
_cTextual
040 _aCRL
_cCRL
_bpan
041 _2pan
_apan
082 _aNT4443, 153Q7
100 _aਵਿਰਕ, ਸੁਖਵਿੰਦਰ ਸਿੰਘ, ਂਚ.
245 0 _aਪੰਜਾਬ ਦੇ ਲੋਕ-ਨਾਟ ਰੂਪ ਅਤੇ ਨਕਲਾਂ
260 _aਚੰਡੀਗੜ
_bਯੂਨੀਸਟਾਰ ਭਾਰਤ
_c2017
300 _a268ਪ0
_ccm.
650 _aਰੰਗਮੰਚ
942 _hNT4443, 153Q7
_cTEXL
_2cc
999 _c1024892
_d1024892